[Event "Berlin Hellersdorf op"]
[Site "Berlin"]
[Date "2010.01.09"]
[Round "2"]
[White "Gehrke, Karsten"]
[Black "Holzmann, Arthur"]
[Result "1-0"]
[WhiteElo "1772"]
[BlackElo "1442"]
[PlyCount "49"]
[EventDate "2010.01.08"]
[EventType "swiss"]
[EventRounds "5"]
[EventCountry "GER"]
[SourceTitle "EXT 2012"]
[Source "ChessBase"]
[SourceDate "2011.11.24"]
[SourceVersion "1"]
[SourceVersionDate "2011.11.24"]
[SourceQuality "1"]

1. e4 Nf6 2. e5 Nd5 3. d4 d6 4. c4 Nb6 5. f4 g5 6. fxg5 dxe5 7. c5 Nd5 8. Bc4 Bg7 9. dxe5 e6 10. Nf3 Nc6 11. 0-0 Nce7 12. Qe2 Ng6 13. Rd1 c6 14. Nc3 Qe7 15. Ne4 0-0 16. Nf6+ Bxf6 17. gxf6 Qxc5+ 18. Kf1 Ndf4 19. Bxf4 Nxf4 20. Qe4 Ng6 21. h4 h5 22. Be2 Kh7 23. Rac1 Qb6 24. Ng5+ Kh6 25. Qf3 1-0

[Event "GER-ch U12"]
[Site "Willingen"]
[Date "2007.06.01"]
[Round "9"]
[White "Saak, Samira"]
[Black "Holzmann, Arthur"]
[Result "1-0"]
[WhiteElo "1011"]
[BlackElo "1229"]
[PlyCount "69"]
[EventDate "2007.05.26"]
[EventType "swiss"]
[EventRounds "11"]
[EventCountry "GER"]
[SourceTitle "CBM 118 Extra"]
[Source "ChessBase"]
[SourceDate "2007.07.04"]
[SourceVersion "1"]
[SourceVersionDate "2007.07.04"]
[SourceQuality "1"]

1. d4 d5 2. c4 e6 3. Nc3 f5 4. Nf3 Nf6 5. g3 Be7 6. Bg2 c6 7. 0-0 0-0 8. Bf4 Ne4 9. Na4 Nd7 10. b3 g5 11. Be3 Qe8 12. Nb2 h5 13. Nd3 g4 14. Nfe5 h4 15. f3 gxf3 16. exf3 Nd6 17. Qd2 hxg3 18. hxg3 Kh7 19. Kf2 Rg8 20. Rh1+ Kg7 21. Bh6+ Kf6 22. Bg5+ Rxg5 23. Rh6+ Kg7 24. Rh4 Rh5 25. Rah1 Bxh4 26. Rxh4 Rxh4 27. Qg5+ Kf8 28. Qxh4 Nxe5 29. Nxe5 b6 30. Qf6+ Nf7 31. f4 Bd7 32. Bf3 Rc8 33. Bh5 Rc7 34. Bxf7 dxc4 35. Bxe8+ 1-0

[Event "GER-ch U12"]
[Site "Willingen"]
[Date "2007.05.28"]
[Round "5"]
[White "Oltzen, Aljoscha"]
[Black "Holzmann, Arthur"]
[Result "1-0"]
[WhiteElo "1199"]
[BlackElo "1229"]
[PlyCount "85"]
[EventDate "2007.05.26"]
[EventType "swiss"]
[EventRounds "11"]
[EventCountry "GER"]
[SourceTitle "CBM 118 Extra"]
[Source "ChessBase"]
[SourceDate "2007.07.04"]
[SourceVersion "1"]
[SourceVersionDate "2007.07.04"]
[SourceQuality "1"]

1. e4 d5 2. exd5 Qxd5 3. Nc3 Qd6 4. Bc4 Nf6 5. d3 a6 6. Qf3 e6 7. Nge2 Be7 8. 0-0 0-0 9. Ne4 Qd8 10. Nxf6+ Bxf6 11. Nc3 Nd7 12. Ne4 Re8 13. Nxf6+ Nxf6 14. Bg5 h6 15. Bxf6 Qxf6 16. Qxf6 gxf6 17. d4 b5 18. Bd3 Rd8 19. c3 Bb7 20. Bc2 Rac8 21. Rad1 e5 22. Rfe1 Kg7 23. Kf1 Re8 24. Be4 Bxe4 25. Rxe4 Kg6 26. Rde1 Kf5 27. h4 h5 28. f3 Kg6 29. dxe5 fxe5 30. Rxe5 Rxe5 31. Rxe5 f6 32. Re6 c6 33. Re7 Rd8 34. Ra7 Rd2 35. Rxa6 Rxb2 36. Rxc6 Rxa2 37. Rb6 Rc2 38. Rxb5 Rxc3 39. Kf2 Rc4 40. Kg3 f5 41. Rb8 f4+ 42. Kh3 Kf5 43. Rg8 1-0

[Event "GER-ch U12"]
[Site "Willingen"]
[Date "2007.05.27"]
[Round "2"]
[White "Holzmann, Arthur"]
[Black "Galkin, Wladislaw"]
[Result "0-1"]
[WhiteElo "1229"]
[BlackElo "1675"]
[PlyCount "50"]
[EventDate "2007.05.26"]
[EventType "swiss"]
[EventRounds "11"]
[EventCountry "GER"]
[SourceTitle "CBM 118 Extra"]
[Source "ChessBase"]
[SourceDate "2007.07.04"]
[SourceVersion "1"]
[SourceVersionDate "2007.07.04"]
[SourceQuality "1"]

1. e4 e5 2. f4 d6 3. Nf3 Bg4 4. h3 Bxf3 5. Qxf3 Nf6 6. Bc4 Nc6 7. c3 Be7 8. d3 0-0 9. Bd2 exf4 10. Bxf4 Ne5 11. Bxe5 dxe5 12. Nd2 c6 13. g4 Nd7 14. 0-0-0 b5 15. Bb3 Nc5 16. Bc2 a5 17. Qe3 Qb6 18. Rde1 b4 19. c4 a4 20. Bb1 Qa6 21. Nf3 a3 22. Qd2 axb2+ 23. Qxb2 b3 24. Re2 Nxd3+ 25. Bxd3 Ba3 0-1

[Event "GER-ch U12"]
[Site "Willingen"]
[Date "2006.06.05"]
[Round "5"]
[White "Alt, Elisabeth"]
[Black "Holzmann, Arthur"]
[Result "0-1"]
[WhiteElo "782"]
[BlackElo "1099"]
[PlyCount "100"]
[EventDate "2006.06.03"]
[EventType "swiss"]
[EventRounds "11"]
[EventCountry "GER"]
[SourceTitle "EXT 2007"]
[Source "ChessBase"]
[SourceDate "2006.11.23"]
[SourceVersion "1"]
[SourceVersionDate "2006.11.23"]
[SourceQuality "1"]

1. e4 d5 2. exd5 Qxd5 3. Nc3 Qa5 4. d4 c6 5. Bf4 Bf5 6. a3 e6 7. b4 Qd8 8. Bc4 Nf6 9. Nf3 Bd6 10. Qd2 Bxf4 11. Qxf4 Bxc2 12. 0-0 Bf5 13. Ne5 0-0 14. g4 Bg6 15. Nxg6 hxg6 16. Kh1 b5 17. Bd3 Nd5 18. Nxd5 Qxd5+ 19. Be4 Qxd4 20. Rad1 Qc4 21. Qf3 Nd7 22. Bxc6 Rad8 23. Bxd7 Rxd7 24. h4 Rfd8 25. h5 Rxd1 26. Rxd1 Rxd1+ 27. Qxd1 Qd5+ 28. Qxd5 exd5 29. hxg6 fxg6 30. Kg2 Kf7 31. Kf3 Ke6 32. Kf4 Kf6 33. f3 g5+ 34. Kg3 Ke5 35. Kf2 Kd4 36. Kg3 Ke3 37. Kg2 Ke2 38. Kg3 d4 39. f4 gxf4+ 40. Kxf4 d3 41. g5 d2 42. Kf5 d1Q 43. Kg6 Qd7 44. Kh5 Kf3 45. Kg6 Kf4 46. Kh5 Qg4+ 47. Kg6 Qxg5+ 48. Kf7 Ke5 49. a4 Qf6+ 50. Ke8 Kd6 0-1

[Event "GER-ch U12"]
[Site "Willingen"]
[Date "2006.06.04"]
[Round "3"]
[White "Duessler, Stefanie"]
[Black "Holzmann, Arthur"]
[Result "1-0"]
[WhiteElo "1289"]
[BlackElo "1099"]
[PlyCount "103"]
[EventDate "2006.06.03"]
[EventType "swiss"]
[EventRounds "11"]
[EventCountry "GER"]
[SourceTitle "EXT 2007"]
[Source "ChessBase"]
[SourceDate "2006.11.23"]
[SourceVersion "1"]
[SourceVersionDate "2006.11.23"]
[SourceQuality "1"]

1. e4 d5 2. exd5 Qxd5 3. Nc3 Qa5 4. Bc4 c6 5. d3 Bf5 6. Bd2 Qc7 7. Nge2 Nf6 8. a3 Nbd7 9. Ng3 Bg6 10. Qe2 e6 11. 0-0-0 Bd6 12. Rhf1 0-0-0 13. Qe3 Kb8 14. Rde1 Ng4 15. Qe2 Nxh2 16. Rh1 Bxg3 17. fxg3 Qxg3 18. Ne4 Bxe4 19. Qxe4 e5 20. Bxf7 Rhf8 21. Qxh7 Rh8 22. Qe4 Rdf8 23. Be6 Rh4 24. Qe2 Rf2 25. Qe3 Qxg2 26. Reg1 Qf3 27. Bxd7 Qf7 28. Qxe5+ Ka8 29. Be1 Nf3 30. Qe8+ Qxe8 31. Bxe8 Nxg1 32. Rxh4 Rf1 33. Re4 Nf3 34. Kd1 Nxe1 35. Rxe1 Rxe1+ 36. Kxe1 Kb8 37. Ke2 Kc7 38. Ke3 Kd8 39. Bg6 Ke7 40. Kd4 Kf6 41. Be4 g5 42. b4 g4 43. c4 Kg5 44. b5 cxb5 45. cxb5 b6 46. Kd5 Kf4 47. Kc6 g3 48. Kb7 Ke3 49. Kxa7 Kf2 50. Kxb6 g2 51. Bxg2 Kxg2 52. Kc6 1-0

[Event "Greifswald Klar U14 3rd"]
[Site "Greifswald"]
[Date "2005.07.08"]
[Round "4"]
[White "Rogasch, Miriam"]
[Black "Holzmann, Arthur"]
[Result "1-0"]
[WhiteElo "879"]
[BlackElo "854"]
[PlyCount "53"]
[EventDate "2005.07.07"]
[EventType "tourn"]
[EventRounds "7"]
[EventCountry "GER"]
[SourceTitle "EXT 2007"]
[Source "ChessBase"]
[SourceDate "2006.11.23"]
[SourceVersion "1"]
[SourceVersionDate "2006.11.23"]
[SourceQuality "1"]

1. e4 d5 2. exd5 Qxd5 3. Nc3 Qa5 4. Nf3 c6 5. d4 Bf5 6. Bc4 e6 7. Bd2 Nf6 8. 0-0 Nbd7 9. Re1 0-0-0 10. Bf4 Nb6 11. Bb3 Nbd5 12. Nxd5 Rxd5 13. Bxd5 Nxd5 14. Bg3 Nb4 15. Qd2 Qd5 16. Re5 Qc4 17. Ne1 Bd6 18. Re3 Bxg3 19. Rxg3 Nxc2 20. Nxc2 Bxc2 21. Rc1 Qxa2 22. Rxc2 Qb1+ 23. Rc1 Qe4 24. Rxg7 Rd8 25. Qa5 Rxd4 26. Rg8+ Kd7 27. Qd8# 1-0